00462nam a2200157Ia 4500020001800000082001800018100002000036245004500056260003600101300001300137504003600150650003300186650004200219650002500261700001800286 a9788125035091 a320.954 MEN-P aMenon, Nivedita 0aPower and contestation: India since 1989 aHyderabadbOrient Longmanc2007 axii, 219 aincludes bibliography and index aPolitical developmentzIndia aIndiavPolitics and governmentzIndia aEconomic development aNigam, Aditya